000 00880nam a2200277Ia 4500
001 Para_7716
003 CHAP
008 220125s1923 xx 000 0 und d
010 _a206735
040 _cCHAP
082 _aPA-C 595-77 D5
100 _aHoward, L. O.
_956480
245 _aMosquito observation in different countries during the past three years /
_c by L.O. Howard
300 _a16 p.
440 _aDíptera ; 2
_9172861
500 _aSobretiro de : Proceedings 10 th annual meeting New Jersey Mosquito Association, Atlantic City, Feb., 1923 Enc. con impresos similares
650 _aDípteros
_x colecciones de escritos
_933718
650 _aMosquitos
_979027
901 _aPA-C 595-77 D5
902 _aA
905 _a0000001923 0000000000 00
910 _a1923
942 _cPARA
942 _cPARA
_d1
999 _c206735
_d206735